[Event "NATO-ch 30th"]
[Site "Berlin"]
[Date "2019.09.16"]
[Round "1.35"]
[White "Simard, Francois"]
[Black "Oltean, Gusztav"]
[Result "0-1"]
[WhiteElo "1755"]
[BlackElo "2053"]
[PlyCount "95"]
[EventDate "2019.09.14"]
[EventType "team-swiss"]
[EventRounds "7"]
[EventCountry "GER"]
[SourceTitle "EXT 2020"]
[Source "ChessBase"]
[SourceDate "2019.10.17"]
[SourceVersion "1"]
[SourceVersionDate "2019.10.17"]
[SourceQuality "1"]
[WhiteTeam "Canada"]
[BlackTeam "Hungary"]
[WhiteTeamCountry "CAN"]
[BlackTeamCountry "HUN"]

1. d4 Nf6 2. c4 g6 3. Nc3 Bg7 4. Bg5 c5 5. d5 d6 6. e4 Na6 7. Qd2 Nc7 8. Bh6 0-0 9. Bxg7 Kxg7 10. f4 a6 11. Nf3 Bg4 12. h3 Bxf3 13. gxf3 Qd7 14. h4 Nh5 15. f5 e6 16. Bh3 exf5 17. Bxf5 Qe7 18. Bg4 Qe5 19. 0-0-0 b5 20. cxb5 axb5 21. Qg5 Qf4+ 22. Kb1 f6 23. Qxf4 Nxf4 24. Rd2 b4 25. Nd1 h5 26. Bd7 Rfd8 27. Bc6 Rab8 28. Ne3 Nb5 29. Nc4 Nd4 30. Rxd4 cxd4 31. Na5 Rb6 32. Nb7 Rc8 33. Rc1 Nd3 34. Nxd6 Rd8 35. Nb7 Rb8 36. Rd1 Ne5 37. Nd6 Nxc6 38. dxc6 Rxc6 39. Rxd4 Kh7 40. Nc4 Rbc8 41. b3 g5 42. Rd2 Kh6 43. Ne3 Rc5 44. Nf5+ Rxf5 45. exf5 gxh4 46. f4 Rg8 47. Rb2 h3 48. Kc1 0-1

[Event "HUN-chT2 Szechenyi 1819"]
[Site "Hungary"]
[Date "2019.02.24"]
[Round "6.3"]
[White "Oltean, Gusztav"]
[Black "Kutas, Lajos Jr"]
[Result "0-1"]
[WhiteElo "2034"]
[BlackElo "1853"]
[PlyCount "114"]
[EventDate "2018.10.28"]
[EventType "team-tourn"]
[EventRounds "9"]
[EventCountry "HUN"]
[SourceTitle "EXT 2021"]
[Source "ChessBase"]
[SourceDate "2020.10.23"]
[SourceVersion "1"]
[SourceVersionDate "2020.10.23"]
[SourceQuality "1"]
[WhiteTeam "Veszprem Ezust Huszar"]
[BlackTeam "Gyor Szechenyi II"]
[WhiteTeamCountry "HUN"]
[BlackTeamCountry "HUN"]

1. d4 d5 2. Nf3 Nf6 3. e3 c5 4. b3 e6 5. Bd3 Nc6 6. a3 Bd6 7. Bb2 a6 8. Nbd2 b5 9. c4 bxc4 10. bxc4 cxd4 11. exd4 dxc4 12. Nxc4 Bc7 13. 0-0 0-0 14. Nfe5 Bb7 15. Rc1 Ne7 16. Bb1 Rc8 17. Qd2 Ng6 18. Rfd1 Nd5 19. Nxg6 hxg6 20. Ne5 Qe7 21. f4 Rfd8 22. g3 Bb6 23. Qd3 Nf6 24. Rxc8 Rxc8 25. Qe2 Qd8 26. Ba2 Nd5 27. Qd3 Ne7 28. Rd2 Ba7 29. Bb3 Qb6 30. Bd1 Rd8 31. Bf3 Bxf3 32. Nxf3 Rd5 33. h4 Bb8 34. Ng5 Nf5 35. Kg2 f6 36. Nf3 Kf7 37. Qc4 Nd6 38. Qe2 Qb5 39. Qxb5 axb5 40. Rc2 Nc4 41. Bc1 Rd7 42. a4 Rc7 43. Kf2 bxa4 44. Ke2 Nd6 45. Rxc7+ Bxc7 46. Kd3 Ke8 47. Ba3 Nf5 48. g4 Nh6 49. g5 Nf5 50. Ke4 Ng3+ 51. Ke3 Kd7 52. Bf8 Nh5 53. Ke4 f5+ 54. Kd3 Nxf4+ 55. Kc4 Nh5 56. Bb4 Bd6 57. Bd2 Kc6 0-1

[Event "HUN-chT2 Szechenyi 1718"]
[Site "Hungary"]
[Date "2018.03.25"]
[Round "8.1"]
[White "Czebe, Attila"]
[Black "Oltean, Gusztav"]
[Result "1-0"]
[WhiteElo "2465"]
[BlackElo "2052"]
[PlyCount "49"]
[EventDate "2017.10.29"]
[EventType "team-tourn"]
[EventRounds "9"]
[EventCountry "HUN"]
[SourceTitle "EXT 2021"]
[Source "ChessBase"]
[SourceDate "2020.10.23"]
[SourceVersion "1"]
[SourceVersionDate "2020.10.23"]
[SourceQuality "1"]
[WhiteTeam "Ajka Banyasz"]
[BlackTeam "Veszprem Ezust Huszar"]
[WhiteTeamCountry "HUN"]
[BlackTeamCountry "HUN"]

1. Nf3 d5 2. g3 Nf6 3. Bg2 c6 4. c4 Bf5 5. cxd5 cxd5 6. Qb3 Qb6 7. Nc3 e6 8. d3 Nc6 9. Be3 Qxb3 10. axb3 a6 11. 0-0 h6 12. Rfc1 Be7 13. Nd4 Nxd4 14. Bxd4 0-0 15. e4 dxe4 16. dxe4 Bg6 17. e5 Nd5 18. Nxd5 exd5 19. Rc7 Bb4 20. Rxb7 a5 21. e6 Rfd8 22. Rc1 Rac8 23. Rxc8 Rxc8 24. Bxd5 Rd8 25. Rd7 1-0

[Event "HUN-chT2 Szechenyi 1718"]
[Site "Hungary"]
[Date "2018.02.18"]
[Round "6.2"]
[White "Nagy, Kristof"]
[Black "Oltean, Gusztav"]
[Result "1-0"]
[WhiteElo "2127"]
[BlackElo "2052"]
[PlyCount "87"]
[EventDate "2017.10.29"]
[EventType "team-tourn"]
[EventRounds "9"]
[EventCountry "HUN"]
[SourceTitle "EXT 2021"]
[Source "ChessBase"]
[SourceDate "2020.10.23"]
[SourceVersion "1"]
[SourceVersionDate "2020.10.23"]
[SourceQuality "1"]
[WhiteTeam "Csuti Baki Agrocentrum"]
[BlackTeam "Veszprem Ezust Huszar"]
[WhiteTeamCountry "HUN"]
[BlackTeamCountry "HUN"]

1. e4 c6 2. d3 g6 3. f4 Bg7 4. Nf3 d6 5. Nc3 Nf6 6. Be3 b5 7. a3 0-0 8. g3 Ng4 9. Bg1 Qa5 10. Qd2 b4 11. Nd1 c5 12. h3 Nh6 13. Bg2 Bb7 14. Be3 f5 15. Ng5 Rc8 16. 0-0 Nc6 17. exf5 gxf5 18. Bd5+ Kh8 19. Ne6 Bf6 20. Qg2 Rab8 21. g4 fxg4 22. hxg4 Bd4 23. Qh3 Nxg4 24. Qxg4 Rg8 25. Ng5 Rg7 26. Qg2 Nd8 27. Bxb7 Rxb7 28. Rf3 bxa3 29. Bxd4 cxd4 30. Rxa3 Qe1+ 31. Qf1 Qh4 32. Rh3 Qg4+ 33. Kh2 e5 34. Qf3 Qxf4+ 35. Qxf4 exf4 36. Nf3 Ne6 37. Rb3 Rxb3 38. cxb3 Kg8 39. Nf2 Rc7 40. Rh6 Rc2 41. Kg1 Kf7 42. Rxh7+ Kg6 43. Re7 Kf6 44. Rxe6+ 1-0

[Event "HUN-chT2 Szechenyi 1718"]
[Site "Hungary"]
[Date "2017.10.29"]
[Round "1.1"]
[White "Jansen, Christof"]
[Black "Oltean, Gusztav"]
[Result "1/2-1/2"]
[WhiteElo "2223"]
[BlackElo "2052"]
[PlyCount "91"]
[EventDate "2017.10.29"]
[EventType "team-tourn"]
[EventRounds "9"]
[EventCountry "HUN"]
[SourceTitle "EXT 2021"]
[Source "ChessBase"]
[SourceDate "2020.10.23"]
[SourceVersion "1"]
[SourceVersionDate "2020.10.23"]
[SourceQuality "1"]
[WhiteTeam "Keszthely Spartacus"]
[BlackTeam "Veszprem Ezust Huszar"]
[WhiteTeamCountry "HUN"]
[BlackTeamCountry "HUN"]

1. g3 d5 2. Bg2 Nf6 3. d3 c5 4. e4 dxe4 5. dxe4 Qxd1+ 6. Kxd1 Nc6 7. f3 e5 8. c3 Be7 9. Be3 Be6 10. Nd2 0-0 11. Bh3 Bxh3 12. Nxh3 b5 13. Ke2 Rfd8 14. Rhd1 Nd7 15. a4 b4 16. a5 Nf8 17. Nc4 Ne6 18. Nf2 Rxd1 19. Rxd1 Rd8 20. Rd5 f6 21. Nd3 Rc8 22. Rd7 Kf8 23. a6 Ke8 24. Rb7 Rc7 25. Rb5 bxc3 26. bxc3 Ncd8 27. Na5 Kd7 28. f4 c4 29. Nb4 Bxb4 30. Rxb4 exf4 31. gxf4 Nc6 32. Nxc6 Rxc6 33. Rb7+ Nc7 34. Bxa7 Kc8 35. Rb8+ Kd7 36. Rg8 Ne8 37. Bd4 Rxa6 38. h4 Ra2+ 39. Kf3 Rh2 40. Kg3 Rd2 41. Kf3 Rd3+ 42. Ke2 Rh3 43. e5 fxe5 44. fxe5 Rxh4 45. e6+ Kd8 46. Bb6+ 1/2-1/2

[Event "NATO-ch 28th"]
[Site "Budapest"]
[Date "2017.03.30"]
[Round "5"]
[White "Oltean, Gusztav"]
[Black "Middaugh, Jon S"]
[Result "1/2-1/2"]
[WhiteElo "2054"]
[BlackElo "1842"]
[PlyCount "44"]
[EventDate "2017.03.27"]
[EventType "swiss"]
[EventRounds "7"]
[EventCountry "HUN"]
[SourceTitle "CBM 177 Extra"]
[Source "ChessBase"]
[SourceDate "2017.04.27"]
[SourceVersion "1"]
[SourceVersionDate "2017.04.27"]
[SourceQuality "1"]

1. d4 Nf6 2. Nf3 d5 3. e3 c6 4. Bd3 Bg4 5. Nbd2 e6 6. b3 Bb4 7. h3 Bh5 8. g4 Bg6 9. Bb2 Ne4 10. a3 Nxd2 11. Nxd2 Bxd3 12. cxd3 Ba5 13. b4 Bc7 14. Nf3 Nd7 15. e4 Qe7 16. e5 a5 17. Bc3 axb4 18. Bxb4 Ba5 19. Rb1 Bxb4+ 20. axb4 b5 21. Qc2 Ra6 22. 0-0 0-0 1/2-1/2

[Event "HUN-chT2 Szechenyi 1617"]
[Site "Hungary"]
[Date "2016.10.30"]
[Round "3.1"]
[White "Oltean, Gusztav"]
[Black "Jansen, Christof"]
[Result "0-1"]
[WhiteElo "2070"]
[BlackElo "2214"]
[PlyCount "78"]
[EventDate "2016.09.25"]
[EventType "team-tourn"]
[EventRounds "11"]
[EventCountry "HUN"]
[SourceTitle "EXT 2021"]
[Source "ChessBase"]
[SourceDate "2020.10.23"]
[SourceVersion "1"]
[SourceVersionDate "2020.10.23"]
[SourceQuality "1"]
[WhiteTeam "Veszprem Ezust Huszar"]
[BlackTeam "Keszthely Spartacus"]
[WhiteTeamCountry "HUN"]
[BlackTeamCountry "HUN"]

1. d4 g6 2. c4 Bg7 3. Nc3 d6 4. e4 e5 5. dxe5 dxe5 6. Qxd8+ Kxd8 7. Nf3 f6 8. h3 Nd7 9. Be2 c6 10. 0-0 Kc7 11. Rb1 Bh6 12. b4 Bxc1 13. Rfxc1 Ne7 14. Nd2 Rd8 15. Nb3 Nf8 16. Rd1 Be6 17. b5 Rxd1+ 18. Rxd1 Rd8 19. Rxd8 Kxd8 20. Nc5 Kc7 21. Kf1 Nc8 22. bxc6 bxc6 23. Nxe6+ Nxe6 24. Bg4 Nd4 25. Bxc8 Kxc8 26. Ke1 Kd7 27. Kd2 Kd6 28. Na4 Ne6 29. g3 Ng5 30. h4 Nxe4+ 31. Ke3 f5 32. Nb2 Nc3 33. a3 Ne4 34. Nd3 Nc5 35. Nb2 Ne6 36. Kd3 e4+ 37. Kc3 a5 38. Kd2 Ke5 39. Ke3 f4+ 0-1

[Event "NATO-ch 27th"]
[Site "Shrivenham"]
[Date "2016.08.25"]
[Round "6"]
[White "Oltean, Gusztav"]
[Black "Tucker, David Sidney"]
[Result "0-1"]
[WhiteElo "2082"]
[BlackElo "2009"]
[PlyCount "46"]
[EventDate "2016.08.22"]
[EventType "swiss"]
[EventRounds "7"]
[EventCountry "ENG"]
[SourceTitle "EXT 2018"]
[Source "ChessBase"]
[SourceDate "2017.10.13"]
[SourceVersion "1"]
[SourceVersionDate "2017.10.13"]
[SourceQuality "1"]

1. c4 c5 2. Nf3 Nf6 3. d4 cxd4 4. Nxd4 e6 5. Nc3 Nc6 6. Nc2 Bc5 7. e3 0-0 8. Be2 d5 9. 0-0 dxc4 10. Bxc4 Qe7 11. Qe2 a6 12. a3 b5 13. Ba2 Bb7 14. b4 Bd6 15. e4 Rac8 16. Bb2 Qc7 17. h3 Rfd8 18. Rfd1 Be5 19. Rxd8+ Nxd8 20. Rc1 Bxc3 21. Ne3 Nxe4 22. Nd1 Qc6 23. Qf3 Qd7 0-1

[Event "NATO-ch 27th"]
[Site "Shrivenham"]
[Date "2016.08.24"]
[Round "4"]
[White "Oltean, Gusztav"]
[Black "Allmann, Lauri"]
[Result "1-0"]
[WhiteElo "2082"]
[BlackElo "1873"]
[PlyCount "89"]
[EventDate "2016.08.22"]
[EventType "swiss"]
[EventRounds "7"]
[EventCountry "ENG"]
[SourceTitle "EXT 2018"]
[Source "ChessBase"]
[SourceDate "2017.10.13"]
[SourceVersion "1"]
[SourceVersionDate "2017.10.13"]
[SourceQuality "1"]

1. Nf3 d5 2. g3 g6 3. Bg2 Bg7 4. d4 Nf6 5. 0-0 0-0 6. b3 c6 7. Bb2 Bf5 8. Nbd2 Na6 9. c4 Nc7 10. Re1 Rc8 11. Ne5 Ng4 12. e4 Nxe5 13. dxe5 dxe4 14. Nxe4 Qxd1 15. Raxd1 Bxe4 16. Bxe4 Rfd8 17. f4 f5 18. exf6 exf6 19. f5 Kf7 20. Bd4 a6 21. Bb6 Rxd1 22. Rxd1 Ke7 23. fxg6 hxg6 24. Bxg6 Ne6 25. Bf5 Re8 26. h4 Bh6 27. Kf2 Kf7 28. Rd7+ Re7 29. Bxe6+ Kxe6 30. Rxe7+ Kxe7 31. Be3 Bf8 32. Bc5+ Kf7 33. Bxf8 Kxf8 34. Kf3 Kg7 35. Kf4 Kg6 36. g4 b6 37. h5+ Kf7 38. Kf5 Kg7 39. h6+ Kxh6 40. Kxf6 Kh7 41. Ke6 Kg6 42. Kd6 Kg5 43. Kxc6 Kxg4 44. Kxb6 Kf5 45. c5 1-0

[Event "HUN-chT2 Szechenyi 1516"]
[Site "Hungary"]
[Date "2016.02.14"]
[Round "7.4"]
[White "Oltean, Gusztav"]
[Black "Frank, Jozsef"]
[Result "0-1"]
[WhiteElo "2120"]
[BlackElo "2089"]
[PlyCount "90"]
[EventDate "2015.09.13"]
[EventType "team-tourn"]
[EventRounds "11"]
[EventCountry "HUN"]
[SourceTitle "EXT 2017"]
[Source "ChessBase"]
[SourceDate "2016.10.25"]
[SourceVersion "1"]
[SourceVersionDate "2016.10.25"]
[SourceQuality "1"]
[WhiteTeam "Ezust Huszar"]
[BlackTeam "Gyor Elektromos"]
[WhiteTeamCountry "HUN"]
[BlackTeamCountry "HUN"]

1. e4 c5 2. Nf3 a6 3. d4 cxd4 4. Nxd4 e6 5. Nc3 d6 6. g3 Nf6 7. Bg2 Be7 8. 0-0 0-0 9. a4 Nc6 10. Nxc6 bxc6 11. e5 Nd5 12. exd6 Qxd6 13. Ne4 Qc7 14. c4 Nf6 15. Bf4 e5 16. Nxf6+ Bxf6 17. Be3 Be6 18. Qc2 a5 19. Rad1 g6 20. Rd2 Rfd8 21. Rfd1 Rxd2 22. Rxd2 Rd8 23. Rxd8+ Bxd8 24. Qe4 f5 25. Qxc6 Qxc6 26. Bxc6 Bxc4 27. Bb5 Bb3 28. Kf1 Kf7 29. Ke2 Ke6 30. Kd3 Kd5 31. Kc3 Bd1 32. b4 g5 33. Bc4+ Ke4 34. Bb3 axb4+ 35. Kxb4 Bxb3 36. Kxb3 f4 37. gxf4 gxf4 38. Bc5 Kf3 39. Kc4 e4 40. Kd5 h5 41. Ke5 h4 42. Kf5 h3 43. Bd4 Ba5 44. Bc5 Bd2 45. Bb6 e3 0-1

[Event "NATO-ch 26th"]
[Site "Amsterdam"]
[Date "2015.07.09"]
[Round "5.21"]
[White "Oltean, Gusztav"]
[Black "Petat, Yannick"]
[Result "1-0"]
[WhiteElo "2077"]
[BlackElo "1938"]
[PlyCount "87"]
[EventDate "2015.07.06"]
[EventType "swiss"]
[EventRounds "7"]
[EventCountry "NED"]
[SourceTitle "EXT 2016"]
[Source "ChessBase"]
[SourceDate "2015.10.08"]
[SourceVersion "1"]
[SourceVersionDate "2015.10.08"]
[SourceQuality "1"]
[WhiteTeam "Hungary"]
[BlackTeam "France"]
[WhiteTeamCountry "HUN"]
[BlackTeamCountry "FRA"]

1. d4 d5 2. Nf3 Nf6 3. c4 e6 4. g3 c6 5. Bg2 Bd6 6. Nbd2 Nbd7 7. Qc2 e5 8. cxd5 cxd5 9. dxe5 Nxe5 10. Nxe5 Bxe5 11. Nf3 Bd6 12. 0-0 0-0 13. Nd4 Bg4 14. b3 Rc8 15. Qd3 Be5 16. Bb2 Qd7 17. f4 Bxd4+ 18. Bxd4 Bf5 19. Qd1 Ne4 20. Rc1 Rxc1 21. Qxc1 b6 22. Qb2 f6 23. Rc1 Rc8 24. e3 Rxc1+ 25. Qxc1 Qc8 26. Qxc8+ Bxc8 27. Bf1 Kf7 28. Be2 Ke7 29. g4 g6 30. Kg2 f5 31. g5 Bb7 32. h4 Nc3 33. Bf3 Nxa2 34. Bb2 Ke6 35. Kf2 Ba6 36. Ke1 Nb4 37. Kd2 Nc6 38. h5 Bb7 39. h6 b5 40. Be2 a6 41. Bf6 Bc8 42. Kc3 Kd6 43. Bh5 Ne7 44. Bxe7+ 1-0

[Event "HUN-chT2 Szechenyi 1415"]
[Site "Hungary"]
[Date "2014.11.16"]
[Round "4.1"]
[White "Oltean, Gusztav"]
[Black "Takacs, Gergo"]
[Result "1/2-1/2"]
[WhiteElo "2079"]
[BlackElo "2271"]
[PlyCount "43"]
[EventDate "2014.09.07"]
[EventType "team-tourn"]
[EventRounds "11"]
[EventCountry "HUN"]
[SourceTitle "EXT 2016"]
[Source "ChessBase"]
[SourceDate "2015.10.08"]
[SourceVersion "1"]
[SourceVersionDate "2015.10.08"]
[SourceQuality "1"]
[WhiteTeam "Veszprem"]
[BlackTeam "HVSE Infraplan"]
[WhiteTeamCountry "HUN"]
[BlackTeamCountry "HUN"]

1. d4 Nf6 2. Bf4 e6 3. e3 b6 4. Bd3 Bb7 5. Nf3 Be7 6. Nbd2 d5 7. Qe2 0-0 8. c3 Ne4 9. 0-0 Nd7 10. Ne5 c5 11. f3 Nxd2 12. Qxd2 f6 13. Nxd7 Qxd7 14. Qc2 h6 15. Bg3 Bd6 16. Bxd6 Qxd6 17. Rad1 e5 18. Bf5 Rfd8 19. Rfe1 a5 20. Qf2 Bc8 21. Bb1 a4 22. a3 1/2-1/2

[Event "HUN-chT2 Szechenyi 1415"]
[Site "Hungary"]
[Date "2014.10.12"]
[Round "3.2"]
[White "Oltean, Gusztav"]
[Black "Szabo, Benjamin"]
[Result "0-1"]
[WhiteElo "2079"]
[BlackElo "1941"]
[PlyCount "78"]
[EventDate "2014.09.07"]
[EventType "team-tourn"]
[EventRounds "11"]
[EventCountry "HUN"]
[SourceTitle "EXT 2016"]
[Source "ChessBase"]
[SourceDate "2015.10.08"]
[SourceVersion "1"]
[SourceVersionDate "2015.10.08"]
[SourceQuality "1"]
[WhiteTeam "Veszprem"]
[BlackTeam "Tapolca"]
[WhiteTeamCountry "HUN"]
[BlackTeamCountry "HUN"]

1. c4 e5 2. g3 Nc6 3. Bg2 Nge7 4. Nc3 g6 5. e3 Bg7 6. Nge2 0-0 7. 0-0 d6 8. a3 Be6 9. Nd5 Nf5 10. Nec3 a6 11. b4 Na7 12. b5 axb5 13. cxb5 Bxd5 14. Bxd5 c6 15. bxc6 bxc6 16. Bg2 Rb8 17. a4 Qa5 18. Ba3 Rfd8 19. Rb1 Bf8 20. Rxb8 Rxb8 21. Ne4 c5 22. Nf6+ Kg7 23. Nd7 Rd8 24. Nxf8 Rxf8 25. Qb3 Nc8 26. d3 Nfe7 27. Bb2 Qb4 28. Qxb4 cxb4 29. Rc1 Nb6 30. a5 Na4 31. Ba1 Rc8 32. Rxc8 Nxc8 33. Bc6 Nc5 34. d4 Nb3 35. Bd7 Na7 36. Bb2 f6 37. dxe5 dxe5 38. f4 Nc5 39. Bg4 Nd3 0-1

[Event "NATO-ch 25th"]
[Site "Quebec"]
[Date "2014.09.12"]
[Round "7"]
[White "Oltean, Gusztav"]
[Black "Helbig, Mark"]
[Result "0-1"]
[WhiteElo "2104"]
[BlackElo "2296"]
[PlyCount "76"]
[EventDate "2014.09.08"]
[EventType "team-swiss"]
[EventRounds "7"]
[EventCountry "CAN"]
[SourceTitle "EXT 2015"]
[Source "ChessBase"]
[SourceDate "2014.11.20"]
[SourceVersion "1"]
[SourceVersionDate "2014.11.20"]
[SourceQuality "1"]
[WhiteTeam "Hungary"]
[BlackTeam "Germany"]
[WhiteTeamCountry "HUN"]
[BlackTeamCountry "GER"]

1. Nf3 Nf6 2. c4 e6 3. Nc3 d5 4. d4 Bb4 5. a3 Bxc3+ 6. bxc3 dxc4 7. Qa4+ Nbd7 8. Qxc4 c5 9. Bf4 Qe7 10. g3 b6 11. Bg2 Bb7 12. 0-0 Rc8 13. Qb3 0-0 14. a4 a6 15. Rfd1 Rfd8 16. Qa3 h6 17. h4 Bd5 18. Rab1 Qe8 19. dxc5 Nxc5 20. Rd4 Nfd7 21. Ne5 Bxg2 22. Kxg2 Nxe5 23. Bxe5 Rxd4 24. Bxd4 Nxa4 25. Kh2 b5 26. Qd6 Qc6 27. Qa3 e5 28. Bxe5 Qe4 29. Bxg7 Kxg7 30. Rb4 Rc4 31. Rxc4 Qxc4 32. Qd6 Qxe2 33. Qd4+ Kh7 34. Qf6 Qe6 35. Qd8 Nc5 36. Qd4 Nd7 37. Qd3+ Kg7 38. Qd4+ Nf6 0-1

[Event "NATO-ch 25th"]
[Site "Quebec"]
[Date "2014.09.11"]
[Round "5"]
[White "Oltean, Gusztav"]
[Black "Onley, David E"]
[Result "1-0"]
[WhiteElo "2104"]
[BlackElo "2120"]
[PlyCount "117"]
[EventDate "2014.09.08"]
[EventType "team-swiss"]
[EventRounds "7"]
[EventCountry "CAN"]
[SourceTitle "EXT 2015"]
[Source "ChessBase"]
[SourceDate "2014.11.20"]
[SourceVersion "1"]
[SourceVersionDate "2014.11.20"]
[SourceQuality "1"]
[WhiteTeam "Hungary"]
[BlackTeam "Great Britain"]
[WhiteTeamCountry "HUN"]
[BlackTeamCountry "GBR"]

1. e4 c5 2. Nf3 e6 3. d4 cxd4 4. Nxd4 Nc6 5. Nc3 a6 6. Be2 Nge7 7. Be3 Nxd4 8. Qxd4 b5 9. 0-0 Nc6 10. Qd2 Be7 11. Rad1 d6 12. Bf4 Ne5 13. Nxb5 axb5 14. Bxe5 0-0 15. Bc3 Bd7 16. a3 Bc6 17. e5 d5 18. Bb4 Ra4 19. c3 Qc7 20. Qe3 Kh8 21. Bxe7 Qxe7 22. Qb6 Qd7 23. Rd4 Raa8 24. Rb4 Rab8 25. Qc5 f5 26. exf6 gxf6 27. Rd1 Rg8 28. Rg4 Rxg4 29. Bxg4 Rg8 30. Bf3 Ba8 31. g3 Rc8 32. Qb4 Bc6 33. Qf4 Qe7 34. Bg2 Rd8 35. Qe3 Kg7 36. Qb6 Qd6 37. Bh3 e5 38. Bf5 Rb8 39. Qa5 Rb7 40. Qb4 Qd8 41. Qh4 Kh8 42. Qh6 Rg7 43. Rd3 Qd6 44. Qh4 Bb7 45. Qb4 Qc6 46. f3 Kg8 47. b3 Rg5 48. g4 e4 49. fxe4 Qb6+ 50. Qd4 Qd6 51. exd5 h5 52. h4 Rg7 53. Be6+ Kh7 54. Qe4+ Kh8 55. Qe3 Qe7 56. d6 Qd8 57. Bf5 Kg8 58. d7 Re7 59. Qxe7 1-0

[Event "NATO-ch 25th"]
[Site "Quebec"]
[Date "2014.09.09"]
[Round "2"]
[White "Drabke, Lorenz Maximilian"]
[Black "Oltean, Gusztav"]
[Result "1/2-1/2"]
[WhiteElo "2457"]
[BlackElo "2104"]
[PlyCount "79"]
[EventDate "2014.09.08"]
[EventType "team-swiss"]
[EventRounds "7"]
[EventCountry "CAN"]
[SourceTitle "EXT 2015"]
[Source "ChessBase"]
[SourceDate "2014.11.20"]
[SourceVersion "1"]
[SourceVersionDate "2014.11.20"]
[SourceQuality "1"]
[WhiteTeam "Germany"]
[BlackTeam "Hungary"]
[WhiteTeamCountry "GER"]
[BlackTeamCountry "HUN"]

1. e4 c6 2. d3 g6 3. g3 Bg7 4. Bg2 d6 5. f4 Nh6 6. Nf3 0-0 7. c3 Qc7 8. 0-0 e5 9. Na3 Na6 10. d4 Bg4 11. h3 Bxf3 12. Qxf3 f5 13. dxe5 dxe5 14. Nc4 fxe4 15. Qxe4 Nf5 16. fxe5 Nxg3 17. Rxf8+ Rxf8 18. Qg4 Nf5 19. Bf4 Nc5 20. Rd1 Ne6 21. Bh2 Qe7 22. Qe4 Nh4 23. Rf1 Rxf1+ 24. Kxf1 Qf7+ 25. Kg1 Nxg2 26. Kxg2 Ng5 27. Qd3 Ne6 28. Qe3 a6 29. Nd6 Qe7 30. Bg3 Nd8 31. Qb6 h5 32. a4 h4 33. Bf4 Ne6 34. Be3 Bxe5 35. Nxb7 Qd7 36. Qb3 Kg7 37. Qc4 Qxb7 38. Qxe6 Qxb2+ 39. Kf1 Qxc3 40. Qe7+ 1/2-1/2

[Event "HUN-chT2 Szechenyi 1314"]
[Site "Hungary"]
[Date "2014.03.23"]
[Round "9.1"]
[White "Oltean, Gusztav"]
[Black "Ruszin, Anna"]
[Result "1/2-1/2"]
[WhiteElo "2053"]
[BlackElo "2087"]
[PlyCount "113"]
[EventDate "2013.09.08"]
[EventType "team-tourn"]
[EventRounds "11"]
[EventCountry "HUN"]
[SourceTitle "EXT 2016"]
[Source "ChessBase"]
[SourceDate "2015.10.08"]
[SourceVersion "1"]
[SourceVersionDate "2015.10.08"]
[SourceQuality "1"]
[WhiteTeam "Veszprem"]
[BlackTeam "Zala Volan"]
[WhiteTeamCountry "HUN"]
[BlackTeamCountry "HUN"]

1. d4 d5 2. Nf3 Nf6 3. g3 e6 4. Bg2 c5 5. 0-0 cxd4 6. Nxd4 Nc6 7. c4 Be7 8. Nc3 0-0 9. cxd5 Nxd5 10. Nxd5 exd5 11. Nxc6 bxc6 12. Qc2 Bd7 13. b3 Rc8 14. Bb2 Qb6 15. Rfd1 Be6 16. Rac1 Rfd8 17. e3 h6 18. Qd2 c5 19. Bc3 Qb8 20. Qb2 f6 21. Rd2 c4 22. b4 Qb5 23. Qc2 a6 24. Rcd1 Rb8 25. a3 Qc6 26. e4 dxe4 27. Qxe4 Rxd2 28. Rxd2 Qxe4 29. Bxe4 Kf7 30. f4 f5 31. Bd5 Bxd5 32. Rxd5 g6 33. Kf2 Ke6 34. Ra5 Rb6 35. Ke3 Bd6 36. Be5 Be7 37. Kd4 Rc6 38. Kc3 g5 39. fxg5 hxg5 40. Bd4 Bd6 41. g4 fxg4 42. Rxg5 Bxh2 43. Rxg4 Bd6 44. a4 Rc8 45. b5 axb5 46. axb5 Kf5 47. Rg7 Be5 48. Bxe5 Kxe5 49. Rd7 Ke6 50. Rd1 Ke5 51. Rh1 Kd5 52. Rh4 Rc7 53. Rh5+ Kd6 54. Rh6+ Kc5 55. Rc6+ Rxc6 56. bxc6 Kxc6 57. Kxc4 1/2-1/2

[Event "NATO-ch 24th"]
[Site "Rynia"]
[Date "2013.08.13"]
[Round "2"]
[White "Drabke, Lorenz Maximilian"]
[Black "Oltean, Gusztav"]
[Result "1-0"]
[WhiteElo "2431"]
[BlackElo "2084"]
[PlyCount "107"]
[EventDate "2013.08.12"]
[EventType "swiss"]
[EventRounds "7"]
[EventCountry "POL"]
[SourceTitle "CBM 156 Extra"]
[Source "ChessBase"]
[SourceDate "2013.10.22"]
[SourceVersion "1"]
[SourceVersionDate "2013.10.22"]
[SourceQuality "1"]

1. e4 c5 2. Nf3 d6 3. d4 cxd4 4. Nxd4 Nf6 5. f3 g6 6. c4 Bg7 7. Nc3 Nc6 8. Be3 Bd7 9. Nc2 0-0 10. Be2 Rc8 11. 0-0 Ne5 12. Na3 a6 13. Qb3 Bc6 14. Rfd1 Ned7 15. Nc2 Qc7 16. Rac1 Rfd8 17. Nd4 Nc5 18. Qa3 Be8 19. b4 Ncd7 20. Qb3 Ne5 21. Nd5 Nxd5 22. exd5 Qd7 23. Re1 h6 24. h3 Qa4 25. f4 Qxb3 26. Nxb3 Nd7 27. Na5 Rc7 28. c5 dxc5 29. bxc5 Nxc5 30. Rxc5 Rxc5 31. Bxc5 Rxd5 32. Nxb7 Bc6 33. Bf3 Bxb7 34. Bxd5 Bxd5 35. a3 e6 36. Rb1 Bc3 37. Rb8+ Kg7 38. Bf8+ Kf6 39. Rc8 Bb2 40. Rc2 Bd4+ 41. Kh2 h5 42. Bc5 Bxc5 43. Rxc5 Kf5 44. Ra5 Kxf4 45. Rxa6 e5 46. Rd6 Bc4 47. a4 Ke3 48. a5 Kf2 49. a6 Bxa6 50. Rf6+ Ke1 51. Rxa6 h4 52. Rf6 e4 53. Rxf7 e3 54. Kg1 1-0